000 00290nam a22001337a 4500
008 171002b xxu||||| |||| 00| 0 eng d
020 _a0890420645
041 _aeng
080 _a159.9
100 _a48
101 _aPSI
245 _aDIAGNOSTIC CRITERIA
_c JAMES.K
942 _2udc
_cBK
999 _c31245
_d31245